| 000 | 00819nam a2200217 a 4500 | ||
|---|---|---|---|
| 003 | 0 | ||
| 005 | 20250220124342.0 | ||
| 008 | 111114s19uu xx 00 eng d | ||
| 050 |
_aPGS QC 981.8.G56.G46 _b.T153 2011 |
||
| 100 | _aTamayo, Rae Anne F. | ||
| 245 |
_aGender and level of awareness on global warming / _cRae Anne F. Tamayo. |
||
| 260 |
_aLas PiƱas City, Philippines : _bSouthville International School and Colleges, _c2011. |
||
| 300 |
_a31 pages : _billustrations ; _c28 cm. |
||
| 504 | _aIncludes bibliographical references. | ||
| 650 |
_aGlobal warming _vPublic opinion. |
||
| 650 |
_aEnvironmental awareness _vGender differences. |
||
| 650 |
_aClimate change _vSocial aspects. |
||
| 650 |
_aSustainability _vEducation. |
||
| 650 |
_aEnvironmental education _vStudent attitudes. |
||
| 942 |
_2lcc _cPASS |
||
| 999 |
_c98668 _d98668 |
||